| 000 | 00839nam a2200217 i 4500 | ||
|---|---|---|---|
| 001 | 110799 | ||
| 003 | ES-MaACL | ||
| 007 | t| | ||
| 008 | 070126s1934 sp ||||1| spa d | ||
| 080 | _a347.551(460) | ||
| 100 | 1 |
_aNúñez Lagos, Rafael, _d1902-1991 _986209 |
|
| 245 | 1 | 3 |
_aEl enriquecimiento sin causa en el derecho español / _cpor Rafael Núñez Lagos ; prólogo de José Castán Tobeñas. |
| 260 |
_aMadrid : _bHijos de Reus, _c1934. |
||
| 300 |
_aXVII, 248 p. ; _c23 cm. |
||
| 490 | 1 |
_aBiblioteca jurídica de autores españoles y extranjeros ; _v172 |
|
| 650 | 1 | 4 |
_aEnriquecimiento sin causa- _zEspaña. _912273 |
| 700 | 1 |
_aCastán Tobeñas, José, _d1889-1969 _936392 |
|
| 830 | 0 |
_aBiblioteca jurídica de autores españoles y extranjeros ; _v172 _9182228 |
|
| 852 |
_aES-MaACL _jE-3143 |
||
| 999 |
_c110799 _d110799 |
||